The Feyman lectures on physics (Record no. 43225)

MARC details
000 -LEADER
fixed length control field 00587nam a2200169 a 4500
008 - FIXED-LENGTH DATA ELEMENTS--GENERAL INFORMATION
fixed length control field 120416s1963 ||||||||||||||||| || u
020 ## - INTERNATIONAL STANDARD BOOK NUMBER
International Standard Book Number 0201021161
050 ## - LIBRARY OF CONGRESS CALL NUMBER
Classification number QC 71 Fey
100 ## - MAIN ENTRY--PERSONAL NAME
Personal name Sands, Matthew L
245 14 - TITLE STATEMENT
Title The Feyman lectures on physics
246 ## - VARYING FORM OF TITLE
Title proper/short title mainly mechanics, radiation and heat
260 ## - PUBLICATION, DISTRIBUTION, ETC.
Place of publication, distribution, etc. Reading, Mass.
Name of publisher, distributor, etc. Addison-Wesley
Date of publication, distribution, etc. 1963
300 ## - PHYSICAL DESCRIPTION
Extent 535p. : ill
350 ## - PRICE (NR) (BK AM CF MU VM SE) [OBSOLETE]
Price 0.00
700 ## - ADDED ENTRY--PERSONAL NAME
Personal name Feynman, Richard P
995 ## - RECOMMENDATION 995 [LOCAL, UNIMARC FRANCE]
-- 0.00
-- CBU-MAIN LIBRARY (Kitwe)
-- 1
-- 7.50
-- AVAILABLE
-- Annex Low-Usage Collection
Holdings
Withdrawn status Lost status Source of classification or shelving scheme Damaged status Not for loan Home library Current library Shelving location Date acquired Total Checkouts Full call number Barcode Date last seen Price effective from Koha item type
          CBU-MAIN LIBRARY, KITWE. CBU-MAIN LIBRARY, KITWE.   11/30/2022   QC 71 Fey 012137 11/30/2022 11/30/2022 MONOGRAPH